| 000 | 01313nam a2200337 a 4500 | ||
|---|---|---|---|
| 001 | ebr10440448 | ||
| 003 | CaPaEBR | ||
| 006 | m u | ||
| 007 | cr cn||||||||| | ||
| 008 | 110121s2010 ne a sb 000 0 eng d | ||
| 020 | _z9781607506676 | ||
| 020 | _z9781607506683 (e-book) | ||
| 040 |
_aCaPaEBR _cCaPaEBR |
||
| 035 | _a(OCoLC)701248929 | ||
| 043 | _ae------ | ||
| 050 | 1 | 4 |
_aHV238 _b.H64 2010eb |
| 100 | 1 | _aHoekstra, J. S. C. M. | |
| 245 | 1 | 0 |
_aDivergence in European welfare and housing systems _h[electronic resource] / _cJoris Hoekstra. |
| 260 |
_aAmsterdam : _bIOS Press, _c2010. |
||
| 300 |
_a216 p. : _bill. |
||
| 490 | 1 |
_aSustainable urban areas, _x1574-6410 ; _v38 |
|
| 502 | _aThesis (doctoral)--Technische Universiteit Delft, 2010. | ||
| 504 | _aIncludes bibliographical references. | ||
| 533 |
_aElectronic reproduction. _bPalo Alto, Calif. : _cebrary, _d2011. _nAvailable via World Wide Web. _nAccess may be limited to ebrary affiliated libraries. |
||
| 650 | 0 |
_aPublic welfare _zEurope. |
|
| 650 | 0 |
_aPublic housing _zEurope. |
|
| 655 | 7 |
_aElectronic books. _2local |
|
| 710 | 2 | _aebrary, Inc. | |
| 830 | 0 |
_aSustainable urban areas ; _v38. |
|
| 856 | 4 | 0 |
_uhttp://site.ebrary.com/lib/rucke/Doc?id=10440448 _zAn electronic book accessible through the World Wide Web; click to view |
| 999 |
_c245482 _d245482 |
||